Adrienne Lecouvreur (Record no. 172289)

MARC details
000 -LEADER
campo de control de longitud fija 00762nam a2200205 i 4500
001 - NÚMERO DE CONTROL
campo de control 172289
003 - IDENTIFICADOR DE NÚMERO DE CONTROL
campo de control ES-MaACL
005 - FECHA Y HORA DE LA ÚLTIMA TRANSACCIÓN
campo de control 20230906214849.0
008 - DATOS DE LONGITUD FIJA--INFORMACIÓN GENERAL
campo de control de longitud fija 090623s1898 fr |||| | fre d
080 ## - NÚMERO DE LA CLASIFICACIÓN DECIMAL UNIVERSAL
Número de la Clasificación Decimal Universal 821.133.1-2"18"
100 1# - ENTRADA PRINCIPAL--NOMBRE DE PERSONA
Nombre de persona Scribe, Eugène.
9 (RLIN) 104966
245 10 - MENCIÓN DEL TÍTULO
Título Adrienne Lecouvreur
Resto del título : comédie-drame en cinq actes /
Mención de responsabilidad, etc. Eugène Scribe ; en société avec Legouvé.
260 ## - PUBLICACIÓN, DISTRIBUCIÓN, ETC.
Lugar de publicación, distribución, etc. Paris :
Nombre del editor, distribuidor, etc. Calmann-Lévy,
Fecha de publicación, distribución, etc. 1898.
300 ## - DESCRIPCIÓN FÍSICA
Extensión p. 157-293 ;
Dimensiones 18 cm.
490 1# - MENCIÓN DE SERIE
Mención de serie Oeuvres completes de Eugène Scribe. 1e série ;
Designación de volumen o secuencia 6
700 1# - ENTRADA AGREGADA--NOMBRE PERSONAL
Nombre de persona Legouvé, Ernest.
9 (RLIN) 71292
830 0# - PUNTO DE ACCESO ADICIONAL DE SERIE-TÍTULO UNIFORME
Título uniforme Oeuvres completes de Eugène Scribe. 1e série ;
Designación de volumen o secuencia 6
9 (RLIN) 223284
852 4# - LOCALIZACIÓN
Ubicación ES-MaACL
Número de control de estantería E-12720
itemnumber R.140289
Nota libre . - Biblioteca Jacinto Martínez Lacalle
Holdings
Estatus retirado Estado de pérdida Estado de daño No para préstamo Colección Biblioteca de origen Biblioteca actual Ubicación en estantería Fecha de adquisición Fuente de adquisición Total de préstamos Signatura topográfica completa Código de barras Visto por última vez Precio de reemplazo Tipo de ítem Koha
        Libros del s. XIX Biblioteca del Ateneo de Madrid Biblioteca del Ateneo de Madrid Depósito 2 23/06/2009     E-12720 1180805 23/02/2023 23/02/2023 Libro impreso antiguo